[Event "Quebec op U1200"]
[Site "Montreal"]
[Date "2016.07.28"]
[Round "7.4"]
[White "Blondin, Bernard"]
[Black "Craciun, David"]
[Result "1/2-1/2"]
[WhiteElo "894"]
[BlackElo "1135"]
[PlyCount "86"]
[EventDate "2016.07.23"]
[EventType "swiss"]
[EventRounds "8"]
[EventCountry "CAN"]
[SourceTitle "EXT 2022"]
[Source "ChessBase"]
[SourceDate "2021.10.06"]
[SourceVersion "1"]
[SourceVersionDate "2021.10.06"]
[SourceQuality "1"]

1. d4 d5 2. Nf3 e6 3. Bf4 f5 4. g3 Nf6 5. Bg2 Be7 6. c3 0-0 7. 0-0 c6 8. Ne1 Nbd7 9. Nd3 Ne4 10. f3 Nef6 11. Nd2 Nh5 12. Be3 b6 13. Ne5 Bb7 14. f4 Rc8 15. Rc1 Nhf6 16. Nxd7 Qxd7 17. Nf3 Qe8 18. Ne5 Bd6 19. Qb3 Qh5 20. Rfe1 Qh6 21. c4 Qh5 22. Qa4 a6 23. Bf1 Bxe5 24. h3 Bd6 25. c5 b5 26. Qb3 Bc7 27. Bd2 Ne4 28. Qe3 g5 29. Bg2 gxf4 30. gxf4 Rf7 31. Bxe4 fxe4 32. Kh1 Kh8 33. Rg1 Bxf4 34. Qxf4 Rxf4 35. Bxf4 Rf8 36. Be5+ Qxe5 37. dxe5 Bc8 38. Rcf1 Rxf1 39. Rxf1 Kg8 40. b4 Bd7 41. Rg1+ Kf7 42. e3 Be8 43. Rf1+ Ke7 1/2-1/2

[Event "Quebec op U1200"]
[Site "Montreal"]
[Date "2016.07.24"]
[Round "2.9"]
[White "Blondin, Bernard"]
[Black "Boudreau, Leo"]
[Result "1-0"]
[WhiteElo "894"]
[BlackElo "874"]
[PlyCount "73"]
[EventDate "2016.07.23"]
[EventType "swiss"]
[EventRounds "8"]
[EventCountry "CAN"]
[SourceTitle "EXT 2022"]
[Source "ChessBase"]
[SourceDate "2021.10.06"]
[SourceVersion "1"]
[SourceVersionDate "2021.10.06"]
[SourceQuality "1"]

1. d4 d5 2. Bf4 Nf6 3. h3 Nc6 4. c3 Bf5 5. Nf3 e6 6. Nh4 Be4 7. Nd2 Nh5 8. Nhf3 Nxf4 9. Nxe4 dxe4 10. e3 exf3 11. exf4 fxg2 12. Bxg2 Bd6 13. d5 Ne7 14. dxe6 fxe6 15. Qh5+ Ng6 16. Bxb7 Rb8 17. Bc6+ Kf8 18. f5 Nf4 19. Qf3 Bc5 20. Qxf4 Qf6 21. Qxc7 Bxf2+ 22. Kxf2 Rxb2+ 23. Ke3 Qg5+ 24. Qf4 Qxf4+ 25. Kxf4 Rf2+ 26. Ke5 exf5 27. Raf1 Rxa2 28. Rxf5+ Ke7 29. Rd1 Rd8 30. Rxd8 Kxd8 31. Rf7 Rh2 32. Rxa7 Rxh3 33. Rxg7 h5 34. c4 Rc3 35. Bd5 h4 36. Kd6 h3 37. Rg8# 1-0

[Event "Quebec-ch Senior"]
[Site "Montreal"]
[Date "2014.02.07"]
[Round "1"]
[White "Blondin, Bernard"]
[Black "Perreault, Marc"]
[Result "1/2-1/2"]
[WhiteElo "865"]
[BlackElo "1512"]
[PlyCount "45"]
[EventDate "2014.02.07"]
[EventType "swiss"]
[EventRounds "5"]
[EventCountry "CAN"]
[SourceTitle "EXT 2022"]
[Source "ChessBase"]
[SourceDate "2021.10.06"]
[SourceVersion "1"]
[SourceVersionDate "2021.10.06"]
[SourceQuality "1"]

1. d4 Nf6 2. Nf3 d5 3. e3 e6 4. Bd3 c5 5. b3 cxd4 6. exd4 Nc6 7. Bb2 Bb4+ 8. c3 Bd6 9. c4 Bb4+ 10. Nc3 dxc4 11. Bxc4 Ne4 12. Rc1 e5 13. 0-0 Nxc3 14. Bxc3 Bxc3 15. Rxc3 Qa5 16. Qd2 0-0 17. dxe5 Nxe5 18. Nxe5 Qxe5 19. Re3 Qg5 20. Bd5 Rd8 21. Rd3 Qxd2 22. Rxd2 Be6 23. Rfd1 1/2-1/2